People's war ; People's Army / (Record no. 130592)
[ view plain ]
| 000 -LEADER | |
|---|---|
| fixed length control field | 00886cam8a220024100 4500 |
| 001 - CONTROL NUMBER | |
| control field | qce01735532 |
| 005 - DATE AND TIME OF LATEST TRANSACTION | |
| control field | 20190822104423.0 |
| 008 - FIXED-LENGTH DATA ELEMENTS--GENERAL INFORMATION | |
| fixed length control field | 750211s1974 ja 000 1 eng u |
| 035 ## - SYSTEM CONTROL NUMBER | |
| System control number | (Sirsi) r93377 |
| 035 ## - SYSTEM CONTROL NUMBER | |
| System control number | (QCAT)lss00737121 |
| 035 ## - SYSTEM CONTROL NUMBER | |
| System control number | (UPRA)qce01735532 |
| 040 ## - CATALOGING SOURCE | |
| Modifying agency | UPRA |
| 043 ## - GEOGRAPHIC AREA CODE | |
| Geographic area code | a-vn--- e-fr--- |
| -- | a-vn--- e-fr--- |
| 100 1# - MAIN ENTRY--PERSONAL NAME | |
| Personal name | V~o, Nguy^en Giap, 1912- |
| Dates associated with a name | V~o, Nguy^en Giap, 1912- |
| Linkage | A52133.1 |
| 245 10 - TITLE STATEMENT | |
| Title | People's war ; People's Army / |
| Statement of responsibility, etc. | [by] Vo Nguyen Giap. |
| 250 ## - EDITION STATEMENT | |
| Edition statement | 2nd ed. |
| 260 ## - PUBLICATION, DISTRIBUTION, ETC. | |
| Place of publication, distribution, etc. | Hanoi : |
| Name of publisher, distributor, etc. | Foreign Languages Pub. House, |
| Date of publication, distribution, etc. | 1974. |
| 651 #0 - SUBJECT ADDED ENTRY--GEOGRAPHIC NAME | |
| Geographic name | Indochina -- History -- 1945- |
| General subdivision | Indochina -- History -- 1945- |
| Chronological subdivision | Indochina -- History -- 1945- |
| Linkage | S40782.1 |
| 651 #0 - SUBJECT ADDED ENTRY--GEOGRAPHIC NAME | |
| Geographic name | Vietnam (Democratic Republic) -- History. |
| General subdivision | Vietnam (Democratic Republic) -- History. |
| Linkage | S30746.1 |
| 949 ## - LOCAL PROCESSING INFORMATION (OCLC) | |
| a | DS557 |
| w | lcc |
| m | MAIN |
| t | BOOK |
| l | ON-SHELF |
| 987 ## - LOCAL ROMANIZATION/CONVERSION HISTORY (OCLC) | |
| Romanization/conversion identifier | WITHDRAWN |
No items available.